| 000 | 00516nam a22001937a 4500 | ||
|---|---|---|---|
| 999 |
_c11358 _d11358 |
||
| 003 | OSt | ||
| 008 | 220614b ||||| |||| 00| 0 eng d | ||
| 020 | _a9780824776961 | ||
| 082 | _a004.16 KAE | ||
| 100 | _aKARAKEHAYOV, Zdravko | ||
| 245 | _aEmbedded Systems Design With 8051 Microcontrollers : Hardware and Software | ||
| 250 | _a1st | ||
| 260 |
_aSwitzerland _bMarcel Dekker, Inc. _c2010 |
||
| 300 | _a417 | ||
| 650 | _aCSE | ||
| 700 | _aCHRISTENSEN, Knud Smed | ||
| 700 | _aWINTHER, Ole | ||
| 942 |
_2ddc _cBK |
||